header

French feminisms (Record no. 417)

MARC details
000 -LEADER
fixed length control field 01369nam a2200373 a 4500
082 04 - DEWEY DECIMAL CLASSIFICATION NUMBER
Classification number 305.42/01
100 1# - MAIN ENTRY--AUTHOR NAME
Personal name Allwood, Gill.
245 10 - TITLE STATEMENT
Title French feminisms
260 ## - PUBLICATION, DISTRIBUTION, ETC. (IMPRINT)
Place of publication London ;
-- Bristol, Pa., USA :
Name of publisher UCL Press,
Year of publication 1998.
300 ## - PHYSICAL DESCRIPTION
Number of Pages xi, 169 p.
490 1# - SERIES STATEMENT
Series statement Gender, change and society
650 #0 - SUBJECT ADDED ENTRY--TOPICAL TERM
Topical Term Feminist theory
Topical Term Feminism
Topical Term Sex role.
Topical Term Women
Topical Term Violence.
856 40 - ELECTRONIC LOCATION AND ACCESS
Uniform Resource Identifier http://site.ebrary.com/lib/rucke/Doc?id=10007385

No items available.

© 2026 Rongo University
Contact us: librarian | system librarian | Rongo university